00432nam a2200157Ia 4500008004100000082002100041100001900062245003900081250000600120260002500126300000700151600001900158630003900177700001900216730003900235151018s9999 xx 000 0 und d bRBASDV32963a920 aR. C. Majumdar aSwami Vivekanda a histoncal review b1 bubs publishingc1999 a61 aR. C. Majumdar aSwami Vivekanda a histoncal review aR. C. Majumdar aSwami Vivekanda a histoncal review